[Event "Olympiad-41"]
[Site "Tromsoe"]
[Date "2014.08.12"]
[Round "10.2"]
[White "Agrest, Evgenij"]
[Black "Jones, Gawain C B"]
[Result "0-1"]
[WhiteElo "2595"]
[BlackElo "2665"]
[Annotator "Krasenkow,M"]
[PlyCount "76"]
[EventDate "2014.08.02"]
[EventType "team-swiss"]
[EventRounds "11"]
[EventCountry "NOR"]
[SourceTitle "CBM 162"]
[Source "ChessBase"]
[SourceDate "2014.09.17"]
[SourceVersion "1"]
[SourceVersionDate "2014.09.17"]
[SourceQuality "1"]
[WhiteTeam "Sweden"]
[BlackTeam "England"]
[WhiteTeamCountry "SWE"]
[BlackTeamCountry "ENG"]

1. d4 Nf6 2. c4 g6 3. Nc3 Bg7 4. e4 d6 5. h3 O-O 6. Nf3 e5 7. d5 Nh5 8. g3 (8.
Nh2 {is the main theoretical move examined in my survey in CBM 133.}) 8... a5 {
In my opinion, since White doesn't prevent ...f7-f5, Black should push it (at
once or after ...Qd8-e8):} (8... f5 {looks a bit premature:} 9. exf5 gxf5 10.
Ng5 $5 (10. Nh4 Nf4 $5 (10... Nf6 11. Qc2 Na6 $1 12. Be2 (12. Nxf5 Nb4 13. Qb3
(13. Qb1 Bxf5 14. Qxf5 e4) 13... Bxf5 14. Qxb4 Ne4 $44 15. Bg2 $6 Nxf2 $1 16.
Kxf2 Bxh3+ 17. Kg1 Bxg2 18. Kxg2 Qf6 $17) 12... Nb4 13. Qb3 a5 14. a3 Na6 15.
Qc2 Nc5 16. Bg5 {1-0 (75) Panarin,M (2523)-Gabrielian,A (2545) Belorechensk
2012} Qe8 $13) 11. gxf4 Qxh4 12. Rg1 exf4 (12... Nd7 13. Nb5 exf4 14. Nxc7 Nc5
15. Rxg7+ Kxg7 16. Qd4+ Kg8 17. Kd1 Rb8 18. b4 Ne4 19. Bb2 Nf6 20. Nb5 $16 {
1-0 (27) Cheparinov,I (2690)-Vovk,Y (2591) Warsaw 2014}) 13. Qd4 Qe7+ 14. Be2
Kh8 15. Qxf4 Nd7 16. Qg3 Nc5 17. Bg5 Qf7 18. Be3 f4 $1 19. Bxf4 Bf5 $44 {
1/2 (44) Ushenina,A (2487)-Isgandarova,K (2190) Tromso NOR 2014}) (10. Bg2 Na6
$5 11. O-O Nf6 12. Be3 $5 (12. Rb1 $6 Nc5 13. b4 Nce4 14. Nxe4 Nxe4 15. Qc2 f4
$1 $40 {0-1 (35) Timofeev,A (2641)-Andreikin,D (2700) Tyumen 2012 CBM 149 
[Andreikin,D]}) 12... e4 $5 13. Nd4 Nc5 14. Nce2 Nd3 15. Nf4 Nxf4 16. Bxf4 $14)
10... Nf6 (10... Qe8 11. c5 $1 Nf6 12. cxd6 cxd6 13. Bc4 Kh8 {0-1 (27)
Raznikov,D (2488)-Rodshtein,M (2639) Acre 2013} 14. O-O Na6 15. Ne6 Bxe6 16.
dxe6 $14) 11. g4 $1 (11. Bg2 Na6 12. O-O h6 13. Ne6 Bxe6 14. dxe6 Nc5 15. Qc2
e4 16. f3 Nh5 $13 {0-1 (42) Gloor,R (2335)-Van Kampen,R (2601) Zuerich 2013})
11... Qe7 (11... f4 12. Bd3 e4 13. Ngxe4 Nxe4 14. Nxe4 Qh4 15. Kd2 Nd7 16. Kc2
Ne5 {0-1 (31) Mirzoeva,E (2215)-Schmitz,T (2322) Oslo 2013} 17. f3 $14) 12. Qc2
e4 13. gxf5 Bxf5 14. Be3 Na6 15. O-O-O Kh8 16. Nb5 Nb4 17. Qb3 Nd3+ 18. Bxd3
exd3 19. Nd4 Ne4 20. Nxf5 Rxf5 21. Nxe4 Qxe4 22. Qxd3 $14 {1-0 (40) Zhigalko,S
(2658)-Kovalev,V (2453) Minsk 2012}) (8... Qe8 {is probably more accurate:} 9.
Be2 (9. Nh4 a5 {[%csl Rh4]}) (9. Bg2 a5 10. O-O Na6) 9... f5 10. exf5 gxf5 11.
Nh4 (11. Ng5 Nf6 12. g4 $6 {0-1 (35) Jakovenko,D (2736)-Ding,L (2680) St
Petersburg 2012} h6 13. Ne6 Bxe6 14. dxe6 Qxe6) 11... Nf6 12. g4 (12. Qc2 Na6
13. a3 (13. Be3 f4 $1 14. gxf4 exf4 15. Bd4 {0-1 (47) Parligras,M (2614)
-Fressinet,L (2693) Plovdiv 2012 CBM 148 [Krasenkow,M]} f3 $1 16. Nxf3 Nb4 17.
Qb3 Nd3+ 18. Kd2 Nc5 $44) 13... c6 14. Bg5 Nc5 15. Be3 Nce4 16. Nxe4 fxe4 17.
Qd2 cxd5 18. cxd5 Bd7 $13 (18... Qf7 $143 19. O-O-O Bd7 20. Kb1 Rfc8 21. g4 $14
{1/2 (42) Riazantsev,A (2660)-Krylov,M (2530) Dagomys 2010})) 12... f4 13. Qc2
(13. g5 Nfd7 14. Ne4 Na6 15. Bg4 Ndc5 16. f3 Qe7 17. Rg1 Kh8 18. Bxc8 Raxc8 19.
Rg4 c6 $132 {1-0 (27) Zubarev,A (2536)-Guilleux,F (2358) Malakoff 2010}) 13...
Na6 14. a3 e4 $1 15. Bxf4 Nxg4 16. hxg4 Rxf4 17. Ng2 Rxg4 18. Bxg4 Bxg4 19. Ne3
Bf3 $44 {0-1 (39) Alvarez Marquez,J (2410)-Gallegos,C (2392) Caracas 2014}) 9.
Be3 (9. Nh2 {transposes into the main 8.Nh2 line (8...a5 9.g3), which looks
quite appropriate here.}) 9... Na6 (9... f5 $5 {is still more appropriate:} 10.
exf5 gxf5 11. Ng5 (11. Nxe5 Nxg3 12. fxg3 Bxe5 13. Qf3 Qf6 14. Bf4 Na6 15. Kd2
Nc5 16. Bd3 Bd7 $132 {1-0 (29) Demuth,A (2417)-Geenen,M (2245) Lille 2012})
11... Nf6 12. Bg2 Qe7 13. g4 f4 14. Bd2 e4 15. Ngxe4 Nxe4 16. Nxe4 Nd7 17. O-O
Ne5 $44 {1-0 (36) Navara,D (2715)-Kovalev,A (2470) Pardubice 2013}) 10. Nd2 {
A logical consequence of 9.Be3 - and a clear benefit for White as d2 is
obviously a better square for his knight than h2. This position often arises
from a completely different line: 7...a5 8.Be3 (8.Bg5!) 8...Na6 9.Nd2 Nh5?! 10.
g3.} Bd7 (10... Bf6 11. Be2 Ng7 12. h4 Be7 13. h5 Bg5 14. Nf1 Bxe3 15. Nxe3 Qg5
16. Qd2 Nc5 17. O-O-O $36 {1/2 (39) Almada,E (2235)-Izquierdo,D (2200) Uruguay
1984}) (10... Qe8 11. Be2 Nf6 12. g4 Nd7 13. h4 $36) (10... Nc5 11. Be2 $5 (11.
Nb3 b6 12. Nxc5 bxc5 13. Bg2 Bd7 14. a4 Qc8 15. Nb5 Nf6 16. g4 Ne8 17. Rg1 f5
18. gxf5 gxf5 19. exf5 Bxf5 20. Qd2 Bg6 $13 {0-1 (79) Kallio,H (2522)-Guliev,L
(2390) Linares 2002}) 11... Nf6 12. g4) 11. Be2 Nf6 (11... f5 $6 12. exf5 gxf5
13. Bxh5 f4 14. Nde4 fxe3 15. fxe3 $16 {1-0 (45) Vojinovic,G (2460)-Pantelic,S
(2312) Paracin SRB 2014}) (11... Qc8 $6 12. Bxh5 gxh5 13. g4 f6 14. f3 Rf7 15.
Nf1 h4 16. Rh2 Rb8 17. a4 Nb4 18. b3 Qf8 19. Qd2 h5 20. Na2 $16 {1-0 (62) Ding,
L (2702)-Al Modiahki,M (2546) Incheon 2013}) 12. g4 {With Black's pawn on h7 
(not on h6) this attack is less strong. However, Black has practically lost
two tempi (...Nf6-h5-f6). Therefore he can hardly equalise.} Nc5 (12... c6 13.
h4 $1 (13. Nf1 $6 cxd5 14. cxd5 Nc5 15. Ng3 a4 16. Kf1 Qa5 17. Rb1 b5 18. a3 b4
19. axb4 Qxb4 $36 {0-1 (58) Nowak,I (2435)-Mortensen,E (2450) Pohja 1985})
13... Ne8 14. h5 Bf6 15. Nf1 Bg5 16. Qd2 h6 17. hxg6 fxg6 18. Bxg5 hxg5 19. f3
Qf6 20. O-O-O c5 21. Ne3 Rf7 22. Rh3 Rh7 23. Rdh1 $16 {1-0 (37) Dao,T (2510)
-Markos,J (2557) Beijing 2008}) 13. Qc2 {[%mdl 32] White starts playing
inaccurately and gradually passes his initiative to the opponent. This
preparation of long castling is too slow for such a tense position.} ({Here,
too,} 13. h4 {was more logical}) 13... a4 14. a3 c6 15. g5 Ne8 16. O-O-O (16.
h4 $142 {although now Black has enough counterplay after} Qa5 17. h5 Nc7 18.
O-O-O cxd5 19. cxd5 b5 {etc.}) 16... cxd5 17. Nxd5 $6 {Hardly a good idea,
opening the way to d4 for Black's knights.} Nc7 $1 {[%cal Yc7e6]} 18. Nb6 Ra6
19. Nxd7 Qxd7 20. Bg4 $6 (20. Bxc5 $142 dxc5 21. Bg4 Ne6 22. h4 f5 (22... Qe7
23. Bxe6 fxe6 24. Nb1) 23. gxf6 Rxf6 24. Nf3 $13) 20... Qc6 21. Kb1 Rb8 22. Be2
N7e6 23. h4 Nd4 24. Bxd4 exd4 $17 {[%csl Gc5,Gd4][%cal Gg7b2,Yb7b5]} 25. Bd3 b5
$6 {It was better for Black to slowly prepare his attack as White had no
counterplay:} (25... Ra5 $1 {[%cal Yb7b5,Yc5d3]} 26. Nf3 b5 $1 27. cxb5 Qb7 {
[%cal Rc5d3]} 28. Ne1 Nxd3 29. Nxd3 Rxb5 {with strong pressure as White's
blockade is not sound.}) 26. cxb5 Rxb5 27. Bxb5 Qxb5 28. Qc4 Qb8 29. e5 $2 {
This looks like a premature capitulation.} (29. Ka2 $1 d3 30. Rb1 $13 {Both
players probably overlooked} Rb6 $6 31. b4 $1 axb3+ 32. Nxb3 $132) 29... Rb6
30. b4 axb3 31. exd6 Qxd6 32. Rhe1 Rb8 {[%csl Rb1] White's king is helpless
here.} 33. f3 $6 Nd3 34. Qa4 (34. Qxd3 Qxa3) 34... Nxe1 35. Rxe1 d3 36. Re8+
Rxe8 37. Qxe8+ Bf8 38. Qa8 Qc7 0-1

[Event "Qatar Masters op"]
[Site "Doha"]
[Date "2014.12.02"]
[Round "7"]
[White "Kuzubov, Yuriy"]
[Black "Adhiban, Baskaran"]
[Result "0-1"]
[WhiteElo "2661"]
[BlackElo "2630"]
[Annotator "Krasenkow,M"]
[PlyCount "96"]
[EventDate "2014.11.26"]
[EventType "swiss"]
[EventRounds "9"]
[EventCountry "QAT"]
[SourceTitle "CBM 164"]
[Source "ChessBase"]
[SourceDate "2015.01.15"]
[SourceVersion "1"]
[SourceVersionDate "2015.01.15"]
[SourceQuality "1"]

1. c4 Nf6 2. Nf3 g6 3. Nc3 Bg7 4. e4 d6 5. d4 O-O 6. h3 e5 7. d5 Nh5 8. Nh2 Qe8
9. Be2 Nf4 10. Bf3 f5 11. g3 Nxh3 12. Bg2 {This system was examined in my
article on the Bagirov system (see CBM 133).} fxe4 {And this continuation is
gradually becoming Black's main reply.} 13. Nxe4 $6 {In my opinion -
inaccurate.} ({To} 13. Be3 Na6 14. Nxe4 {Black has recently tried} Nf4 $5 15.
gxf4 (15. Bf3 $6 Bf5 16. Qd2 {is hardly good for White:} b6 {[%cal Ya6c5]} (
16... Nb4 $5 17. O-O {0-1 (26) Andreikin,D (2683)-Radjabov,T (2744) Moscow 2010
} a5 $13) (16... b5 $5 17. Rc1 g5 18. Rg1 Nh3 19. Rf1 Qg6 $36 {1/2 (60)
Macieja,B (2619)-Maze,S (2559) Aix-les-Bains 2011}) 17. O-O-O Qa4 18. b3 Qa3+
19. Qb2 Ne2+ 20. Bxe2 Qxb2+ 21. Kxb2 Bxe4 $17 {0-1 (43) Cramling,P (2525)
-Navara,D (2702) Caleta 2014}) 15... exf4 16. Bd4 f3 $1 17. Bxf3 Rxf3 18. Qxf3
Bf5 19. Ng4 Qxe4+ 20. Qxe4 Bxe4 21. Nh6+ Kf8 22. Bxg7+ Kxg7 23. Rh4 Bf3 24. Kd2
Rf8 $44 {0-1 (40) Yilmaz,M (2521)-Zherebukh,Y (2594) Moscow 2012 . White
should look for an improvement in this line.}) 13... Bf5 14. Rf1 $6 {Quite a
passive move, after which Black is clearly better.} (14. Be3 $6 Nf4 $1 15. Bf3
Nd7 16. g4 $6 Bxe4 17. Bxe4 Nf6 18. Bc2 Ng2+ 19. Ke2 Nxe3 20. fxe3 e4 $19 {
0-1 (27) Moynihan,K (2179)-Jones,G (2644) Kilkenny 2012}) (14. Ng4 h5 15. Nh6+
{may be relatively better but hardly promising:} (15. Nef6+ Bxf6 16. Nh6+ {
has been tried in a number of games but unsuccessfully:} Kg7 (16... Kh7 17.
Nxf5 Ng5 18. Nh4 (18. g4 $142 $13) 18... e4 19. Qc2 Na6 20. Bxg5 Bxg5 21. Bxe4
Nc5 22. Nxg6 Qxe4+ 23. Qxe4 Nxe4 24. Nxf8+ Rxf8 25. Rxh5+ Kg6 26. Rh2 Nd2 $17 {
0-1 (51) Belous,V (2522)-Petrosian,D (2476) Yerevan 2012}) 17. Nxf5+ gxf5 18.
Rxh3 (18. Bxh3 Qg6 19. Qc2 e4 20. Be3 Na6 21. Bf1 Nc5 22. O-O-O a5 $17 {
0-1 (66) Meskovs,N (2243)-Fernandez Romero,E (2453) Caleta 2011}) 18... Rh8 19.
Bf3 (19. Qc2 e4 20. Bd2 Nd7 21. O-O-O Nc5 22. Bc3 Qg6 $17 {0-1 (53) Piasetski,
L (2297)-Lorenzo de la Riva,L (2426) Barcelona ESP 2014}) (19. Qf3 Qg6 20. Qb3
b6 21. Be3 h4 22. Bf1 Na6 23. O-O-O Nc5 $17 {1/2 (46) Ederer,K (2166)-Daanen,A
(2092) Lechenicher SchachServer 2010}) 19... h4 (19... e4 20. Bxh5 Qe5 21. Rb1
Nd7 22. Bf4 Qd4 23. g4 Qxd1+ 24. Kxd1 Be5 $15 {1/2 (41) Meskovs,N (2347)
-Tilicheev,V (2416) Prague 2012}) 20. g4 e4 21. Be2 Nd7 22. gxf5 Nc5 23. Be3
Qe5 24. Rb1 {1-0 (37) Semcesen,D (2480)-Hillarp Persson,T (2547) Gothenburg
2011} Rag8 $17 25. b4 $140 Qxf5 {[%cal Yc5d3,Rf5h3]}) 15... Bxh6 16. Bxh6 Bxe4
17. f3 $8 Rf7 $5 (17... Bxf3 $143 18. Bxf3 e4 {0-1 (26) Reid,J (2151)-Carr,N 
(2290) Torquay 2013} 19. Bxh5 $1 Nf2 20. Qd4 $36) 18. Rxh3 Bf5 {, and White's
compensation for the pawn is in doubt.}) 14... h5 {Preventing g3-g4 or Nh2-g4.}
(14... Na6 {is also good:} 15. f3 (15. Qe2 $6 Qd7 16. Be3 (16. Bd2 Rab8 17.
O-O-O b5 $1 18. Nc3 Nc5 19. Be3 b4 20. Nb1 b3 $19 {->: 0-1 (33) Ivanov,J (2436)
-Kanmazalp,O (2404) Izmir 2011}) 16... Nf4 $1 17. gxf4 exf4 18. Bd2 f3 $1 19.
Bxf3 Rae8 20. O-O-O Qa4 21. Ng4 Bxe4 22. Bxe4 Qxa2 23. Rde1 Qxb2+ 24. Kd1 Nc5 {
0-1 (24) Stocek,J (2600)-Stellwagen,D (2627) Porto Carras 2011}) 15... h5 16.
Be3 b5 17. Qe2 Rb8 18. O-O-O Nb4 19. cxb5 Nxa2+ 20. Kb1 Nb4 21. Rh1 Qxb5 $19 {
0-1 (44) Riazantsev,A (2679)-Sjugirov,S (2643) Olginka 2011}) 15. Qe2 Na6 16.
f3 Nc5 $17 {White has no compensation for the pawn; moreover, Black is
attacking White's insecure king.} 17. Be3 (17. Nxc5 dxc5 {[%cal Ye8a4]}) 17...
Nxe4 $6 (17... Qa4 $1 {was strong here, too, e.g.} 18. Bxc5 dxc5 19. Bxh3 Bxh3
20. Rh1 Bf5 $17) 18. fxe4 Bd7 19. O-O-O Qe7 20. Qd2 Bf6 21. Nf3 {White has
consolidated his position, and Black's h3-knight is in trouble again. Still,
Black solves his problems keeping his material advantage.} g5 22. Bxh3 (22. Rh1
$142 g4 23. Ng1 Qh7 $1 24. Nxh3 gxh3 25. Bxh3 Bxh3 26. Rxh3 Qxe4 27. Rxh5 Qxc4+
28. Kb1 {, although White's compensation for the pawn is hardly sufficient.})
22... Bxh3 23. Rh1 Bg4 24. Rdf1 Qh7 25. Nxg5 (25. Qd3 Qg6) 25... Bxg5 26. Bxg5
Qxe4 {Opposite-coloured bishops are hardly a consolation for White.} 27. b3 Rf3
28. Bf6 Qg6 29. Bh4 Raf8 30. Rxf3 Rxf3 31. Kb2 b6 32. Re1 a5 33. Ka3 Rd3 34.
Qc1 Rf3 35. Rf1 e4 {[%csl Ge4]} 36. Re1 Bf5 37. Qb2 Qf7 38. Qd4 Bg6 39. Rxe4 $6
{Desperation. Waiting was more stubborn:} (39. Qd2) 39... Bxe4 40. Qxe4 Rf5 41.
Bd8 Re5 42. Qh4 Qf2 43. Bg5 Re2 44. Ka4 b5+ $1 45. Kxa5 Rxa2+ 46. Kb4 Qe1+ 47.
Kxb5 Qe8+ 48. Kb4 c5+ (48... c5+ 49. dxc6 Qe1+ 50. Kb5 Qa5#) 0-1

[Event "FRA-chT Top 12"]
[Site "Montpellier"]
[Date "2015.05.30"]
[Round "1.1"]
[White "Giri, Anish"]
[Black "Iordachescu, Viorel"]
[Result "1-0"]
[WhiteElo "2776"]
[BlackElo "2588"]
[Annotator "RR"]
[PlyCount "81"]
[EventDate "2015.05.30"]
[EventType "team-tourn"]
[EventRounds "11"]
[EventCountry "FRA"]
[SourceTitle "CBM 166 Extra"]
[Source "ChessBase"]
[SourceDate "2015.06.18"]
[SourceVersion "1"]
[SourceVersionDate "2015.06.18"]
[SourceQuality "1"]
[WhiteTeam "Bischwiller"]
[BlackTeam "Metz Fischer"]
[WhiteTeamCountry "FRA"]
[BlackTeamCountry "FRA"]

1. e4 {Solid win in the first round, though 23...Nb4-c6!? was far more
inspiring then the Averbakh-Spassky jewel (Tweeter)} g6 2. d4 Bg7 3. c4 d6 4.
Nf3 Nf6 5. Nc3 O-O 6. h3 c6 7. Be3 Na6 8. Be2 e5 9. d5 Bd7 10. Nd2 Rc8 11. g4
$146 (11. O-O Ne8 12. dxc6 bxc6 13. Bxa7 Bh6 14. c5 Bxh3 15. Nf3 Qd7 16. Bxa6
Ra8 17. gxh3 Qxh3 18. Re1 Qg4+ 19. Kf1 Rxa7 20. cxd6 Nxd6 21. Nxe5 Qh3+ 22. Ke2
Qe6 23. Qd4 Rxa6 24. Nd3 Bg7 25. e5 Re8 26. Kf1 Qh3+ 27. Kg1 Nf5 28. Qe4 Rd8
29. e6 Ra7 30. Nf4 Qg4+ 31. Ng2 Qxe4 32. Rxe4 Rd2 33. Rc1 Rxb2 34. Nf4 fxe6 35.
Nxe6 Bxc3 36. Rxc3 Raxa2 37. Rf4 Kf7 38. Rxc6 Rc2 39. Ng5+ Kg7 40. Re6 Ra1+ {
Lesiege,A (2490)-Rajlich,V (2340) North Bay 1996 1/2-1/2}) 11... cxd5 12. cxd5
Nc5 13. a3 a5 14. a4 Ne8 15. g5 f5 16. h4 Rf7 17. Nb3 Na6 18. Bb5 Nb4 19. f3
Bf8 20. Kd2 Ng7 21. Qg1 Nh5 22. Bb6 Qe8 23. Bxa5 Nc6 $5 {[%csl Gc6]} 24. dxc6
bxc6 25. Bc4 d5 26. exd5 cxd5 27. Bxd5 Be6 28. Bxe6 Qxe6 29. Qb6 Qc4 30. Qb5
Qf4+ 31. Kc2 Ng3 32. Rhd1 Qxf3 33. Qxe5 Ne4 34. Qe6 Qg2+ 35. Kb1 Rc6 36. Qe5
Rc4 37. Qd5 Rc8 38. Nxe4 fxe4 39. Ka2 Bg7 40. Rd2 Qf3 41. Re1 1-0

[Event "EU-Cup 31st"]
[Site "Skopje"]
[Date "2015.10.24"]
[Round "7.5"]
[White "Wang, Yue"]
[Black "Bacrot, Etienne"]
[Result "1-0"]
[WhiteElo "2724"]
[BlackElo "2697"]
[Annotator "Szabo,Kr"]
[PlyCount "107"]
[EventDate "2015.10.18"]
[EventType "team-swiss"]
[EventRounds "7"]
[EventCountry "MKD"]
[SourceTitle "CBM 169"]
[Source "ChessBase"]
[SourceDate "2015.11.10"]
[SourceVersion "1"]
[SourceVersionDate "2015.11.10"]
[SourceQuality "1"]
[WhiteTeam "Siberia"]
[BlackTeam "Padova"]
[WhiteTeamCountry "RUS"]
[BlackTeamCountry "ITA"]

1. d4 Nf6 2. c4 g6 3. Nc3 Bg7 4. e4 d6 5. h3 O-O 6. Nf3 e5 7. d5 Nh5 {This
variation is very common nowadays.} 8. g3 f5 9. exf5 gxf5 10. Ng5 Nf6 11. g4
Qe8 (11... Qe7 {is also possible,} 12. gxf5 Bxf5 13. Be3 (13. Rg1 $5) 13... Na6
14. Rg1 (14. Qd2 $5) 14... Nb4 15. Rc1 e4 16. a3 Nd3+ 17. Bxd3 exd3 18. Ne6
Bxe6 19. dxe6 Qxe6 20. Qxd3 c6 21. Kd2 Nd7 22. f4 (22. Kc2 $6 Ne5 $132 {
Omar-Cheparinov, Tromso 2014, with a double-edged fight.})) 12. gxf5 (12. Bg2
e4 13. gxf5 Bxf5 14. Nb5 Na6 15. Nd4 Qg6 16. Nxf5 Qxf5 17. Ne6 $36 {
Chirila-Jones, Benasque 2012.}) 12... Bxf5 13. Be3 Na6 14. Rg1 Kh8 $146 {
The new move.} (14... Nb4 {was tried by Sutovsky,} 15. Rc1 Qg6 16. Nf3 Qh5 $4 {
Blunder!} 17. Rg5 Bc2 18. Rxc2 Nxc2+ 19. Qxc2 $18 {Khairullin-Sutovsky,
Aix-les-Bains 2011, and White was winning.}) 15. Bd3 (15. Qd2 {is the
beginning of an interesting variation,} Nb4 16. O-O-O Qa4 $1 {What a nice Q
move!} 17. b3 ({The Q is not takeable, because of} 17. Nxa4 $4 Nxa2# {mate!})
17... Qa3+ 18. Qb2 Qxb2+ 19. Kxb2 Nc2 $132) 15... e4 $1 {The correct reply! Of
course Black complicates the position, he doesn't want to exchange the
light-squared B.} 16. Be2 Nc5 17. Qd2 c6 ({If} 17... Nfd7 {to play for ...Ne5,}
18. Nb5 (18. O-O-O $5) 18... Rc8 19. Nd4 $14 {and White looks nicely placed.})
18. O-O-O cxd5 19. cxd5 Rc8 {The straightforward continuation.} (19... a6 $5 {
was the alternative} 20. Kb1 b5 21. b4 $1 Nd3 22. Bxd3 exd3 23. Bd4 $14 {
and White has a slight edge, but in a practical game this is not easy.}) 20.
Kb1 a6 21. h4 b5 22. Ne6 $1 {A good move. White temporarily sacrifices a P,
but he opens the position; his pieces are becoming very active.} Nxe6 23. dxe6
b4 24. e7 $1 {A very important intermediate move.} ({In the event of} 24. Nd5
Nxd5 25. Qxd5 Bxe6 {and} 26. Qxd6 $2 {does not work because of} Qa4 $19 {
and suddenly Black wins.}) 24... Qxe7 25. Na4 a5 $2 {A mistake, Black
immediately gives up his d6-P.} (25... d5 {was more accurate} 26. Nb6 Rc7 {
and White has obviously compensation for the P, but still this is a big fight.}
(26... Rcd8 27. Ka1 $44)) 26. Qxd6 Qxd6 27. Rxd6 Rfd8 ({In the event of} 27...
h6 28. Nb6 Rcd8 29. Rc6 $36 {and Black is under pressure.}) 28. Rxd8+ Rxd8 29.
Rg5 $1 Rd5 30. Nb6 Re5 ({Still} 30... h6 $142 {was tougher, but} 31. Nxd5 hxg5
32. Nxf6 Bxf6 33. hxg5 $16 {and White is a healthy P up.}) 31. Bd4 e3+ 32. Kc1
Re4 33. Bxf6 Bxf6 34. Rxf5 exf2 35. Bd3 Re1+ 36. Kc2 Bxh4 37. Nd5 Kg7 38. Rf4
Rh1 39. Ne3 Rh2 40. Nf1 $18 {White has neutralised the f-P, his position is
winning.} Rh3 41. Be4 Bf6 42. Rxf2 a4 43. Rf3 Rh4 44. Bd3 Rh5 45. b3 axb3+ 46.
axb3 Rc5+ 47. Bc4 h5 48. Ne3 h4 49. Nd5 Be5 50. Kd3 Bd6 51. Ke4 Ra5 52. Kf5 Ra1
53. Kg4 Rh1 54. Ne3 1-0